| 000 | 00839nam a22002177a 4500 | ||
|---|---|---|---|
| 005 | 20150729125004.0 | ||
| 010 | _aBAC-EN21 ENG-113237 | ||
| 020 |
_a9789350354377 _c625.00 |
||
| 035 | _aB-593486-512 | ||
| 035 | _a EN-96769 | ||
| 037 |
_bUBH/Ven _aDBAD/PUB |
||
| 082 | _a340.0917645 | ||
| 100 | _aTahir Mahmood | ||
| 245 |
_aPrinciples of Hindu law: _bpersonal law of Hindus, Buddhists, Jains & Sikhs/ _cby Tahir Mahmood |
||
| 260 |
_aNew Delhi _bUniversal Law Publishing _c2014 |
||
| 270 |
_aA-58, G.T.Karnal Road Industrial Area, (Near Azadpur Metro Station) _bDelhi _e110033 |
||
| 300 |
_alii, 419p. _c24cm(pbk) |
||
| 500 | _aIncludes bibliographical references and index | ||
| 942 |
_2ddc _cEN _h340.0917645 _mTAH |
||
| 999 |
_c89314 _d89314 |
||